[Event "Juste pour jouer"]
[Site "Montreal CAN"]
[Date "2011.10.10"]
[Round "7"]
[White "Brule, Daniel"]
[Black "Lalumiere, Claude"]
[Result "0-1"]
[WhiteElo "1460"]
[BlackElo "1769"]
[PlyCount "68"]
[GameId "2160767909648079"]
[EventDate "2011.10.07"]
[EventType "swiss"]
[EventRounds "7"]
[EventCountry "CAN"]
[SourceTitle "hb 2011"]

1. d4 Nf6 2. c4 c5 3. d5 b5 4. cxb5 a6 5. bxa6 Bxa6 6. g3 d6 7. Nc3 g6 8. Nf3 Bg7 9. Bd2 O-O 10. Bg2 Nbd7 11. O-O Qc7 12. Re1 Rfb8 13. Qc2 Nb6 14. b3 Nfxd5 15. Nxd5 Nxd5 16. Rac1 Nb4 17. Bxb4 Rxb4 18. Ne5 Bb7 19. Nd3 Rb6 20. e4 Bc6 21. e5 Bxg2 22. Kxg2 Qb7+ 23. Kg1 Rba6 24. a4 Rb6 25. Rb1 Rb8 26. exd6 exd6 27. Re3 Bd4 28. Ree1 Rxb3 29. Re8+ Rxe8 30. Rxb3 Qf3 31. Ne5 Qd5 32. Nd3 c4 33. Rb5 cxd3 34. Qc8 Qxb5 0-1

[Event "Juste pour jouer"]
[Site "Montreal CAN"]
[Date "2011.10.10"]
[Round "7"]
[White "Turcotte, Jonathan"]
[Black "Nantel, Felix"]
[Result "1-0"]
[WhiteElo "1973"]
[BlackElo "1487"]
[PlyCount "115"]
[GameId "2160767909648081"]
[EventDate "2011.10.07"]
[EventType "swiss"]
[EventRounds "7"]
[EventCountry "CAN"]
[SourceTitle "hb 2011"]

1. d4 e6 2. c4 d5 3. Nc3 Nf6 4. Bg5 Be7 5. Nf3 Nbd7 6. e3 O-O 7. Rc1 c6 8. Bd3 dxc4 9. Bxc4 Nb6 10. Bd3 Nfd5 11. Bxe7 Qxe7 12. O-O f6 13. Qc2 g6 14. a3 Nd7 15. Bc4 Kg7 16. b4 b6 17. Rfd1 Bb7 18. e4 Nxc3 19. Qxc3 Rac8 20. Qb3 Rfe8 21. h3 c5 22. d5 exd5 23. exd5 Ne5 24. Bb5 Nxf3+ 25. gxf3 Red8 26. Bc4 Rd6 27. Re1 Qd7 28. Rcd1 Rd8 29. bxc5 bxc5 30. Qe3 Bxd5 31. Qxc5 Bxf3 32. Qxd6 Qxd6 33. Rxd6 Rxd6 34. Re7+ Kh8 35. Rxa7 Rd8 36. Kh2 Rc8 37. Ra4 Bd1 38. Rb4 Ra8 39. Bb3 Bf3 40. a4 f5 41. Kg3 Bc6 42. Kf4 Ra5 43. Ke3 g5 44. Kd4 h5 45. Rc4 Bd5 46. Rc8+ Kg7 47. Bxd5 Rxa4+ 48. Rc4 Rxc4+ 49. Bxc4 h4 50. Ke5 g4 51. Bf1 Kg6 52. Kf4 g3 53. f3 Kf6 54. Bg2 Kg6 55. Ke5 Kg5 56. f4+ Kg6 57. Ke6 Kh5 58. Kxf5 1-0

[Event "Kent Oliver mem active"]
[Site "Winnipeg CAN"]
[Date "2011.01.23"]
[Round "1"]
[White "Klusa, Lawrence"]
[Black "Lipic, Stephen"]
[Result "0-1"]
[WhiteElo "1354"]
[BlackElo "1870"]
[PlyCount "66"]
[GameId "2160767909812766"]
[EventDate "2011.01.23"]
[EventType "swiss (rapid)"]
[EventRounds "5"]
[EventCountry "CAN"]
[SourceTitle "EXT 2022"]
[Source "ChessBase"]
[SourceDate "2021.10.06"]
[SourceVersion "1"]
[SourceVersionDate "2021.10.06"]
[SourceQuality "1"]

1. d4 d5 2. Bg5 c5 3. Nf3 Nc6 4. c3 Qb6 5. b3 f6 6. Be3 e5 7. dxc5 Bxc5 8. Bxc5 Qxc5 9. b4 Qd6 10. a3 Be6 11. e3 Nge7 12. Bb5 O-O 13. O-O Rad8 14. Re1 Bf7 15. Nbd2 d4 16. Ne4 Qd5 17. Bxc6 Nxc6 18. Nc5 b6 19. Na4 d3 20. Nb2 e4 21. Nd2 b5 22. Qg4 f5 23. Qf4 Ne5 24. a4 a6 25. axb5 axb5 26. Ra5 Ng6 27. Qg5 Ra8 28. c4 Qe5 29. Rxb5 Qxb2 30. Rd1 Ra1 31. Qh5 Rfa8 32. h3 Rxd1+ 33. Nf1 Rxf1+ 0-1

[Event "Kent Oliver mem active"]
[Site "Winnipeg CAN"]
[Date "2011.01.23"]
[Round "2"]
[White "Boron, Anthony"]
[Black "Rutter, Blair"]
[Result "1-0"]
[WhiteElo "1975"]
[BlackElo "1875"]
[PlyCount "67"]
[GameId "2160767909812767"]
[EventDate "2011.01.23"]
[EventType "swiss (rapid)"]
[EventRounds "5"]
[EventCountry "CAN"]
[SourceTitle "EXT 2022"]
[Source "ChessBase"]
[SourceDate "2021.10.06"]
[SourceVersion "1"]
[SourceVersionDate "2021.10.06"]
[SourceQuality "1"]

1. d4 e6 2. c4 f5 3. g3 Nf6 4. Bg2 Be7 5. Nc3 O-O 6. Nh3 Bb4 7. O-O Bxc3 8. bxc3 Nc6 9. Ba3 d6 10. Nf4 Na5 11. Qa4 c6 12. Bb4 Nxc4 13. Qb3 Nd2 14. Qa3 a5 15. Rfd1 Nc4 16. Qb3 axb4 17. Qxc4 d5 18. Qxb4 Ne4 19. Nd3 Nd6 20. Ne5 Qc7 21. Rdb1 b5 22. a4 Bb7 23. axb5 Rxa1 24. Rxa1 Nxb5 25. e3 Nd6 26. Rb1 Ra8 27. h4 Nb5 28. c4 dxc4 29. Qxc4 Qd6 30. Qb4 Ra1 31. Qb2 Rxb1+ 32. Qxb1 Qc7 33. Qb3 Bc8 34. Nxc6 1-0

[Event "Kent Oliver mem active"]
[Site "Winnipeg CAN"]
[Date "2011.01.23"]
[Round "2"]
[White "Lipic, Stephen"]
[Black "Zaczek, Jonathon"]
[Result "0-1"]
[WhiteElo "1870"]
[BlackElo "2185"]
[PlyCount "75"]
[GameId "2160767909812768"]
[EventDate "2011.01.23"]
[EventType "swiss (rapid)"]
[EventRounds "5"]
[EventCountry "CAN"]
[SourceTitle "EXT 2022"]
[Source "ChessBase"]
[SourceDate "2021.10.06"]
[SourceVersion "1"]
[SourceVersionDate "2021.10.06"]
[SourceQuality "1"]

1. e4 c5 2. c4 Nc6 3. Nc3 g6 4. Nf3 Bg7 5. Be2 e6 6. O-O Nge7 7. d3 d6 8. Be3 Nd4 9. Bxd4 cxd4 10. Na4 O-O 11. b4 e5 12. Nd2 f5 13. c5 d5 14. f3 Kh8 15. a3 Bh6 16. Kh1 Bd7 17. Nb2 a5 18. Nb3 axb4 19. axb4 Bb5 20. Re1 Qd7 21. exd5 Nxd5 22. Nc4 Bxc4 23. dxc4 Nxb4 24. Bd3 Be3 25. Bf1 Qe7 26. f4 Rxa1 27. Nxa1 Bxf4 28. Qxd4 Qh4 29. Qg1 Qxe1 30. Nb3 Be3 31. c6 bxc6 32. c5 Bxg1 33. Kxg1 Qe3+ 34. Kh1 Qf2 35. h3 Qxf1+ 36. Kh2 Qf4+ 37. g3 Qf2+ 38. Kh1 0-1

[Event "Kent Oliver mem active"]
[Site "Winnipeg CAN"]
[Date "2011.01.23"]
[Round "3"]
[White "Burstow, John"]
[Black "Zaczek, Jonathon"]
[Result "1-0"]
[WhiteElo "2288"]
[BlackElo "2189"]
[PlyCount "54"]
[GameId "2160767909812770"]
[EventDate "2011.01.23"]
[EventType "swiss (rapid)"]
[EventRounds "5"]
[EventCountry "CAN"]
[SourceTitle "EXT 2022"]
[Source "ChessBase"]
[SourceDate "2021.10.06"]
[SourceVersion "1"]
[SourceVersionDate "2021.10.06"]
[SourceQuality "1"]

1. e4 c5 2. Nf3 d6 3. d4 cxd4 4. Nxd4 Nf6 5. Nc3 a6 6. f4 e6 7. Be2 Qc7 8. Be3 Be7 9. O-O b5 10. Bf3 Bb7 11. e5 dxe5 12. fxe5 Nfd7 13. Bxb7 Qxb7 14. Qh5 g6 15. Qh6 Bf8 16. Qf4 Nc5 17. b4 Na4 18. Ne4 Bxb4 19. Nf6+ Kd8 20. Nxe6+ fxe6 21. Qxb4 Qc7 22. Rad1+ Kc8 23. Rd6 Nc6 24. Qe4 Kb7 25. Rd7 Rad8 26. Rxc7+ Kxc7 27. c4 b4 1-0

[Event "Kent Oliver mem active"]
[Site "Winnipeg CAN"]
[Date "2011.01.23"]
[Round "3"]
[White "Gannon, Keith"]
[Black "Lipic, Stephen"]
[Result "0-1"]
[WhiteElo "1597"]
[BlackElo "1870"]
[PlyCount "96"]
[GameId "2160767909812771"]
[EventDate "2011.01.23"]
[EventType "swiss (rapid)"]
[EventRounds "5"]
[EventCountry "CAN"]
[SourceTitle "EXT 2022"]
[Source "ChessBase"]
[SourceDate "2021.10.06"]
[SourceVersion "1"]
[SourceVersionDate "2021.10.06"]
[SourceQuality "1"]

1. e4 e6 2. d4 f5 3. exf5 Nf6 4. fxe6 Bd6 5. exd7+ Bxd7 6. Bc4 b5 7. Qe2+ Qe7 8. Bxb5 Bxb5 9. Qxe7+ Bxe7 10. Nc3 Bc6 11. f3 O-O 12. Nge2 Nbd7 13. O-O Nd5 14. Nxd5 Bxd5 15. Re1 Bd6 16. Nc3 Bb7 17. Nb5 Rae8 18. Be3 Nb6 19. Nxa7 c6 20. d5 Nxd5 21. Bf2 Ra8 22. Re6 Rfd8 23. Rd1 Kf7 24. Re4 Bb8 25. c4 Bxa7 26. Bxa7 Rxa7 27. cxd5 cxd5 28. Rf4+ Ke6 29. Rb4 Bc6 30. Rb6 Kd6 31. Rc1 Rc8 32. b4 Rb7 33. Rxb7 Bxb7 34. Ra1 d4 35. a4 Rc2 36. b5 Rb2 37. Kf1 Kd5 38. Re1 d3 39. Rd1 Kd4 40. h4 Kc3 41. Rc1+ Rc2 42. Ra1 d2 43. Ke2 Bd5 44. b6 Bc4+ 45. Kd1 Bb3 46. Ke2 Rc1 47. b7 d1=Q+ 48. Kf2 Qe1# 0-1

[Event "Kent Oliver mem active"]
[Site "Winnipeg CAN"]
[Date "2011.01.23"]
[Round "4"]
[White "Boron, Anthony"]
[Black "Iomdina, Bella"]
[Result "1/2-1/2"]
[WhiteElo "1975"]
[BlackElo "1804"]
[PlyCount "25"]
[GameId "2160767909812772"]
[EventDate "2011.01.23"]
[EventType "swiss (rapid)"]
[EventRounds "5"]
[EventCountry "CAN"]
[SourceTitle "EXT 2022"]
[Source "ChessBase"]
[SourceDate "2021.10.06"]
[SourceVersion "1"]
[SourceVersionDate "2021.10.06"]
[SourceQuality "1"]

1. d4 e6 2. c4 f5 3. Nc3 Nf6 4. g3 d5 5. cxd5 exd5 6. Bf4 c6 7. Nf3 Bd6 8. Ne5 O-O 9. Bg2 Qe7 10. O-O Nbd7 11. Nxd7 Bxd7 12. Bxd6 Qxd6 13. e3 1/2-1/2

[Event "Kent Oliver mem active"]
[Site "Winnipeg CAN"]
[Date "2011.01.23"]
[Round "4"]
[White "Lipic, Stephen"]
[Black "Nikouline, Alexandre"]
[Result "0-1"]
[WhiteElo "1870"]
[BlackElo "2056"]
[PlyCount "80"]
[GameId "2160767909812773"]
[EventDate "2011.01.23"]
[EventType "swiss (rapid)"]
[EventRounds "5"]
[EventCountry "CAN"]
[SourceTitle "EXT 2022"]
[Source "ChessBase"]
[SourceDate "2021.10.06"]
[SourceVersion "1"]
[SourceVersionDate "2021.10.06"]
[SourceQuality "1"]

1. e4 e6 2. d3 d5 3. Nd2 c5 4. Ngf3 Nc6 5. g3 Nf6 6. Bg2 Be7 7. O-O O-O 8. Re1 d4 9. h3 e5 10. Nc4 Bd6 11. a4 Be6 12. Nxd6 Qxd6 13. Nh4 Nd7 14. f4 f5 15. exf5 Bxf5 16. fxe5 Ndxe5 17. Bf4 Qf6 18. Qh5 Ng6 19. Bd5+ Kh8 20. Qxf5 Qxf5 21. Nxf5 Nxf4 22. Bxc6 Nxh3+ 23. Kg2 bxc6 24. Nxg7 Rf2+ 25. Kxh3 Kxg7 26. Re7+ Kg6 27. Rc1 Raf8 28. c3 Rxb2 29. cxd4 Rff2 30. Rxc5 Rh2+ 31. Kg4 h5+ 32. Kf4 Rhf2+ 33. Ke5 Rf6 34. d5 Re2+ 35. Kd4 Rxe7 36. dxc6 Rd6+ 37. Kc4 Rc7 38. Kb5 Rxd3 39. Ka6 Rb3 40. a5 Rxg3 0-1

[Event "Kent Oliver mem active"]
[Site "Winnipeg CAN"]
[Date "2011.01.23"]
[Round "4"]
[White "Manicdao, Tomas"]
[Black "Gannon, Keith"]
[Result "1-0"]
[WhiteElo "1780"]
[BlackElo "1597"]
[PlyCount "54"]
[GameId "2160767909812774"]
[EventDate "2011.01.23"]
[EventType "swiss (rapid)"]
[EventRounds "5"]
[EventCountry "CAN"]
[SourceTitle "EXT 2022"]
[Source "ChessBase"]
[SourceDate "2021.10.06"]
[SourceVersion "1"]
[SourceVersionDate "2021.10.06"]
[SourceQuality "1"]

1. f4 f5 2. Nf3 Nf6 3. d3 d6 4. e3 Nc6 5. c3 b6 6. Be2 Bb7 7. O-O e6 8. Ng5 Qd7 9. Qb3 d5 10. Nd2 Na5 11. Qc2 h6 12. Ngf3 Bc5 13. d4 Bd6 14. Ne5 Bxe5 15. dxe5 Ne4 16. Nxe4 dxe4 17. Bh5+ Ke7 18. Be2 g5 19. b4 Nc6 20. a4 a6 21. Ba3 Na7 22. b5+ Kf7 23. bxa6 Bc6 24. Bb4 h5 25. Bc4 Bd5 26. Qb3 Bxc4 27. Qxc4 c6 1-0

[Event "Kent Oliver mem active"]
[Site "Winnipeg CAN"]
[Date "2011.01.23"]
[Round "5"]
[White "Gannon, Keith"]
[Black "Klusa, Lawrence"]
[Result "1-0"]
[WhiteElo "1597"]
[BlackElo "1354"]
[PlyCount "57"]
[GameId "2160767909812775"]
[EventDate "2011.01.23"]
[EventType "swiss (rapid)"]
[EventRounds "5"]
[EventCountry "CAN"]
[SourceTitle "EXT 2022"]
[Source "ChessBase"]
[SourceDate "2021.10.06"]
[SourceVersion "1"]
[SourceVersionDate "2021.10.06"]
[SourceQuality "1"]

1. e4 d6 2. d4 g6 3. Nf3 Nf6 4. Nc3 Bg7 5. Be2 Nc6 6. O-O a6 7. Re1 O-O 8. d5 Ne5 9. Nxe5 dxe5 10. Bf3 Nd7 11. Be3 f5 12. Bg5 f4 13. Bg4 Nc5 14. Bxc8 Rxc8 15. f3 Qd6 16. Bh4 e6 17. dxe6 Qxd1 18. Raxd1 Nxe6 19. Nd5 Kh8 20. Be7 Rfe8 21. Bf6 c6 22. Bxg7+ Kxg7 23. Nb6 Rcd8 24. c3 Nc5 25. Nc4 Kh6 26. Rxd8 Rxd8 27. Nxe5 Rd2 28. Nc4 Na4 29. Nxd2 1-0

[Event "Kent Oliver mem active"]
[Site "Winnipeg CAN"]
[Date "2011.01.23"]
[Round "5"]
[White "Iomdina, Bella"]
[Black "Burstow, John"]
[Result "1/2-1/2"]
[WhiteElo "1804"]
[BlackElo "2288"]
[PlyCount "38"]
[GameId "2160767909812776"]
[EventDate "2011.01.23"]
[EventType "swiss (rapid)"]
[EventRounds "5"]
[EventCountry "CAN"]
[SourceTitle "EXT 2022"]
[Source "ChessBase"]
[SourceDate "2021.10.06"]
[SourceVersion "1"]
[SourceVersionDate "2021.10.06"]
[SourceQuality "1"]

1. d4 Nf6 2. c4 g6 3. Nc3 d5 4. Nf3 Bg7 5. Bf4 O-O 6. e3 c5 7. Be2 cxd4 8. Nxd4 Nc6 9. Nxc6 bxc6 10. O-O Be6 11. Bf3 Qa5 12. Ne2 dxc4 13. Nd4 Bd5 14. Nxc6 Bxc6 15. Bxc6 Rac8 16. Bf3 Rfd8 17. Qe1 Qxe1 18. Rfxe1 Rd2 19. Be5 Nd7 1/2-1/2

[Event "Kent Oliver mem active"]
[Site "Winnipeg CAN"]
[Date "2011.01.23"]
[Round "5"]
[White "Milward, David"]
[Black "Lipic, Stephen"]
[Result "0-1"]
[WhiteElo "1714"]
[BlackElo "1870"]
[PlyCount "42"]
[GameId "2160767909812777"]
[EventDate "2011.01.23"]
[EventType "swiss (rapid)"]
[EventRounds "5"]
[EventCountry "CAN"]

1. e4 e6 2. d4 f5 3. exf5 Nf6 4. Bd3 Bd6 5. fxe6 O-O 6. Nc3 Nc6 7. Nf3 dxe6 8. Bg5 Qe8 9. O-O Qh5 10. Ne4 Ng4 11. Ng3 Bxg3 12. h3 Bd6 13. Ne5 Qxg5 14. Nxg4 e5 15. Bc4+ Kh8 16. dxe5 Nxe5 17. Qd5 Bxg4 18. hxg4 Qh6 19. f3 Rae8 20. Rae1 Nxc4 21. Qxc4 Bh2+ 0-1

[Event "Kent Oliver mem active"]
[Site "Winnipeg CAN"]
[Date "2011.01.23"]
[Round "5"]
[White "Nikouline, Alexandre"]
[Black "Boron, Anthony"]
[Result "1-0"]
[WhiteElo "2056"]
[BlackElo "1975"]
[PlyCount "71"]
[GameId "2160767909812778"]
[EventDate "2011.01.23"]
[EventType "swiss (rapid)"]
[EventRounds "5"]
[EventCountry "CAN"]
[SourceTitle "EXT 2022"]
[Source "ChessBase"]
[SourceDate "2021.10.06"]
[SourceVersion "1"]
[SourceVersionDate "2021.10.06"]
[SourceQuality "1"]

1. e4 c6 2. d4 d5 3. e5 c5 4. c3 Nc6 5. Nf3 Bg4 6. Be2 e6 7. O-O Be7 8. Be3 cxd4 9. Nxd4 Bxe2 10. Nxe2 Nxe5 11. Bd4 Bf6 12. Nd2 Ne7 13. f4 Ng4 14. Nf3 Bxd4+ 15. Qxd4 O-O 16. h3 Nf5 17. Qd3 Qb6+ 18. Ned4 Nxd4 19. Nxd4 Nf6 20. Rf2 Ne4 21. Re2 f6 22. Kh2 Qd6 23. g3 Rae8 24. c4 Rc8 25. cxd5 exd5 26. Nf5 Qe6 27. Qxd5 Qxd5 28. Ne7+ Kf7 29. Nxd5 Rfe8 30. Kg2 Rc5 31. Rd1 Rd8 32. Rxe4 Rdxd5 33. Rxd5 Rxd5 34. Kf3 Rd3+ 35. Re3 Rd2 36. Rb3 1-0

[Event "Keres"]
[Site "Charlesbourg CAN"]
[Date "2011.03.21"]
[Round "1"]
[White "Lapierre, Gaetan"]
[Black "Boissinot, Claude"]
[Result "1-0"]
[WhiteElo "1898"]
[BlackElo "1584"]
[PlyCount "65"]
[GameId "2160767909787339"]
[EventDate "2011.03.21"]
[EventType "swiss"]
[EventRounds "5"]
[EventCountry "CAN"]

1. e4 c5 2. Nc3 Nc6 3. g3 e6 4. Bg2 Nf6 5. d3 h6 6. f4 d5 7. e5 Nd7 8. Nf3 Qc7 9. O-O a6 10. a4 b6 11. h4 Bb7 12. Ne2 Rc8 13. c3 Be7 14. d4 cxd4 15. cxd4 Nb4 16. Nc3 Qb8 17. h5 Qa8 18. Bh3 a5 19. Ne1 Ba6 20. Rf2 Qc6 21. f5 O-O 22. f6 gxf6 23. exf6 Nxf6 24. Bxh6 Kh8 25. Bg5 Ng8 26. Bxe7 Nxe7 27. Rf6 Ng8 28. Qf3 Rc7 29. h6 Kh7 30. Qg4 Nxh6 31. Qh4 Rh8 32. Rxh6+ Kg7 33. Qg5+ 1-0

[Event "Keres"]
[Site "Charlesbourg CAN"]
[Date "2011.03.28"]
[Round "2"]
[White "Doyon, Stephane"]
[Black "Lapierre, Gaetan"]
[Result "1-0"]
[WhiteElo "1657"]
[BlackElo "1898"]
[PlyCount "83"]
[GameId "2160767909787340"]
[EventDate "2011.03.21"]
[EventType "swiss"]
[EventRounds "5"]
[EventCountry "CAN"]

1. e4 d6 2. d4 Nf6 3. Nc3 g6 4. f4 Bg7 5. Nf3 O-O 6. Bd3 Na6 7. O-O c5 8. d5 Nc7 9. Kh1 b5 10. e5 dxe5 11. fxe5 Nfxd5 12. Nxb5 Bb7 13. Bg5 Ne6 14. Nd6 Nxg5 15. Nxb7 Qc7 16. Nxg5 Ne3 17. Qf3 Nxf1 18. Rxf1 Rab8 19. Be4 Qxe5 20. Nxf7 Qh5 21. g4 Qh4 22. Nxc5 Be5 23. Qf2 Qxf2 24. Rxf2 Bd4 25. Nh6+ Kh8 26. Nf7+ Rxf7 27. Rxf7 Bxc5 28. b3 Rd8 29. Bd3 Rd4 30. h3 Bd6 31. Bc4 Rd2 32. g5 e5 33. Rxa7 Bf8 34. Ra8 Rf2 35. a4 h6 36. a5 hxg5 37. a6 Kg7 38. Rc8 Rxc2 39. a7 e4 40. a8=Q Rc1+ 41. Kg2 Rc2+ 42. Kf1 1-0

[Event "Keres mem. (36th)"]
[Site "Vancouver CAN"]
[Date "2011.05.20"]
[Round "1"]
[White "Gentes, Kevin"]
[Black "Pitre, Hanniegn"]
[Result "1-0"]
[WhiteElo "2268"]
[BlackElo "1994"]
[PlyCount "70"]
[GameId "2160767909704302"]
[EventDate "2011.05.20"]
[EventType "swiss"]
[EventRounds "7"]
[EventCountry "CAN"]
[SourceTitle "CBM 142 Extra"]
[Source "ChessBase"]
[SourceDate "2011.06.27"]
[SourceVersion "1"]
[SourceVersionDate "2011.06.27"]
[SourceQuality "1"]

1. d4 Nf6 2. c4 g6 3. Nc3 d5 4. Nf3 Bg7 5. e3 O-O 6. Be2 Bg4 7. h3 Bxf3 8. Bxf3 e6 9. Qb3 c5 10. Qxb7 Nbd7 11. cxd5 Rb8 12. Qxa7 Ra8 13. Qb7 cxd4 14. exd4 e5 15. dxe5 Nxe5 16. Be2 Qd6 17. Qb3 Rfb8 18. Qd1 Ra5 19. O-O Nxd5 20. a4 Qe6 21. Nb5 Raa8 22. f4 Nd7 23. Bc4 N7f6 24. Ra3 Qc6 25. Bb3 Rd8 26. Qf3 Qc5+ 27. Kh1 Rac8 28. Ra1 h5 29. f5 h4 30. fxg6 fxg6 31. Bg5 Kh7 32. Rac1 Qf8 33. Rxc8 Rxc8 34. Bxh4 Bh6 35. Bxf6 Nxf6 1-0

[Event "Kitchener Winter op"]
[Site "Kitchener CAN"]
[Date "2011.03.12"]
[Round "1"]
[White "Demmery, Steve"]
[Black "Sapozhnikov, Roman"]
[Result "0-1"]
[WhiteElo "2104"]
[BlackElo "2279"]
[PlyCount "98"]
[GameId "2160767909787424"]
[EventDate "2011.03.12"]
[EventType "swiss"]
[EventRounds "5"]
[EventCountry "CAN"]
[SourceTitle "EXT 2022"]
[Source "ChessBase"]
[SourceDate "2021.10.06"]
[SourceVersion "1"]
[SourceVersionDate "2021.10.06"]
[SourceQuality "1"]

1. d4 Nf6 2. Nf3 g6 3. Bf4 Bg7 4. e3 d6 5. h3 c5 6. Nbd2 Nc6 7. c3 O-O 8. dxc5 dxc5 9. Nc4 Nd5 10. Be2 Nxf4 11. exf4 Qc7 12. Qd2 b6 13. O-O Bb7 14. Qe3 Rad8 15. Rad1 Rxd1 16. Rxd1 Rd8 17. Rxd8+ Qxd8 18. Nce5 Nxe5 19. Nxe5 e6 20. Bf3 Bxf3 21. Nxf3 Qd5 22. a3 Qd1+ 23. Ne1 c4 24. Kf1 Bf8 25. Qe2 Qd5 26. Nf3 Bc5 27. Ne5 b5 28. Ng4 Be7 29. Ne3 Qe4 30. Qd2 Qxf4 31. g3 Qd6 32. Ke2 Qxd2+ 33. Kxd2 Bc5 34. Nd1 e5 35. f3 f5 36. Kc2 e4 37. fxe4 fxe4 38. Kd2 Kf7 39. Ne3 Ke6 40. Ke2 Bxe3 41. Kxe3 Ke5 42. Ke2 g5 43. Kf2 h5 44. Ke2 h4 45. gxh4 gxh4 46. Ke3 a6 47. Ke2 Kf4 48. Kf2 e3+ 49. Ke2 Ke4 0-1

[Event "Kitchener Winter op"]
[Site "Kitchener CAN"]
[Date "2011.03.12"]
[Round "2"]
[White "Becker, Paul"]
[Black "Semianiuk, Konstantin"]
[Result "1-0"]
[WhiteElo "2003"]
[BlackElo "2064"]
[PlyCount "109"]
[GameId "2160767909787427"]
[EventDate "2011.03.12"]
[EventType "swiss"]
[EventRounds "5"]
[EventCountry "CAN"]
[SourceTitle "EXT 2022"]
[Source "ChessBase"]
[SourceDate "2021.10.06"]
[SourceVersion "1"]
[SourceVersionDate "2021.10.06"]
[SourceQuality "1"]

1. e4 c5 2. Nf3 Nc6 3. d4 cxd4 4. Nxd4 e5 5. Nb5 d6 6. N1c3 a6 7. Na3 b5 8. Nd5 Nce7 9. c4 Nxd5 10. exd5 bxc4 11. Nxc4 Nf6 12. Be2 Be7 13. O-O O-O 14. b3 Bb7 15. Ne3 Rc8 16. Bc4 Re8 17. Qe2 Qb6 18. Bb2 Bf8 19. Rad1 g6 20. Bc1 Bg7 21. g3 Nd7 22. Ng2 Ra8 23. Be3 Qd8 24. Qd2 a5 25. Rc1 Nb6 26. Bb5 Nxd5 27. Rfd1 Re6 28. Bc4 Nxe3 29. Nxe3 Re7 30. Qxd6 Qxd6 31. Rxd6 Rc8 32. Rcd1 Bh6 33. Ng4 Bg5 34. Rd7 Bf3 35. Rxe7 Bxd1 36. Rxe5 Bd2 37. Rd5 Bxg4 38. Rxd2 a4 39. Kg2 a3 40. h3 Bf5 41. g4 Bb1 42. f3 Rc7 43. Rd1 Bc2 44. Rc1 Bd3 45. Kf2 Kf8 46. Ke3 Bxc4 47. Rxc4 Re7+ 48. Kd2 Rd7+ 49. Kc2 Re7 50. b4 Re2+ 51. Kb3 Rh2 52. Kxa3 Rxh3 53. Rc3 h5 54. b5 hxg4 55. b6 1-0

[Event "Kitchener Winter op"]
[Site "Kitchener CAN"]
[Date "2011.03.12"]
[Round "2"]
[White "Demmery, Steve"]
[Black "Ng, Gary"]
[Result "1/2-1/2"]
[WhiteElo "2104"]
[BlackElo "2109"]
[PlyCount "66"]
[GameId "2160767909787428"]
[EventDate "2011.03.12"]
[EventType "swiss"]
[EventRounds "5"]
[EventCountry "CAN"]
[SourceTitle "EXT 2022"]
[Source "ChessBase"]
[SourceDate "2021.10.06"]
[SourceVersion "1"]
[SourceVersionDate "2021.10.06"]
[SourceQuality "1"]

1. d4 d5 2. Nf3 Nf6 3. Bf4 e6 4. e3 c5 5. c3 Qb6 6. Qb3 Be7 7. Nbd2 O-O 8. Bd3 Nh5 9. Be5 Nd7 10. Qxb6 axb6 11. Bc7 Nhf6 12. Bb5 Ne8 13. Bg3 Nd6 14. Bd3 Nf6 15. h3 Bd7 16. Ne5 Bb5 17. Bxb5 Nxb5 18. Bh4 Rfc8 19. Ke2 Rc7 20. a3 Nd6 21. Bg3 Nde4 22. Nxe4 Nxe4 23. Bh2 Bd6 24. f3 Nf6 25. Ng4 Ne8 26. Bxd6 Nxd6 27. Ne5 f6 28. Nd3 Nc4 29. Kf2 Kf7 30. Rhe1 Rcc8 31. Re2 Ra5 32. Rae1 Rb5 33. Kg3 Re8 1/2-1/2

[Event "Kitchener Winter op"]
[Site "Kitchener CAN"]
[Date "2011.03.12"]
[Round "2"]
[White "Drkulec, Vladimir"]
[Black "Lacau Rodean, Iulia"]
[Result "0-1"]
[WhiteElo "2023"]
[BlackElo "2068"]
[PlyCount "54"]
[GameId "2160767909787429"]
[EventDate "2011.03.12"]
[EventType "swiss"]
[EventRounds "5"]
[EventCountry "CAN"]
[SourceTitle "EXT 2022"]
[Source "ChessBase"]
[SourceDate "2021.10.06"]
[SourceVersion "1"]
[SourceVersionDate "2021.10.06"]
[SourceQuality "1"]

1. d4 Nf6 2. c4 g6 3. g3 Bg7 4. Bg2 O-O 5. Nc3 d6 6. Nf3 Nbd7 7. a3 e5 8. h3 Re8 9. Be3 c6 10. Qd2 e4 11. Nh2 d5 12. c5 Nf8 13. O-O Ne6 14. f4 exf3 15. exf3 b6 16. b4 bxc5 17. bxc5 Ba6 18. Rfe1 Nd7 19. Rac1 Ndxc5 20. Bf1 Bxf1 21. Rxf1 Na6 22. Ne2 c5 23. dxc5 d4 24. Bf2 Naxc5 25. Nxd4 Bxd4 26. Bxd4 Nxd4 27. Rxc5 Ne2+ 0-1

[Event "Kitchener Winter op"]
[Site "Kitchener CAN"]
[Date "2011.03.12"]
[Round "2"]
[White "Grigorescu, Laurentiu"]
[Black "Jung, Hans"]
[Result "0-1"]
[WhiteElo "2080"]
[BlackElo "2118"]
[PlyCount "60"]
[GameId "2160767909787430"]
[EventDate "2011.03.12"]
[EventType "swiss"]
[EventRounds "5"]
[EventCountry "CAN"]
[SourceTitle "EXT 2022"]
[Source "ChessBase"]
[SourceDate "2021.10.06"]
[SourceVersion "1"]
[SourceVersionDate "2021.10.06"]
[SourceQuality "1"]

1. d4 d5 2. Nf3 Nc6 3. Bf4 Bg4 4. c3 a6 5. Nbd2 e6 6. e3 Bd6 7. Bxd6 cxd6 8. Qa4 Nge7 9. Be2 O-O 10. h3 Bxf3 11. Nxf3 e5 12. dxe5 dxe5 13. Rd1 b5 14. Qh4 Qc7 15. Qg3 f5 16. Qh2 f4 17. exf4 Rxf4 18. O-O h6 19. Ne1 Raf8 20. Nd3 R4f6 21. Bg4 Qa7 22. Qg3 e4 23. Nc1 Nf5 24. Bxf5 Rxf5 25. Qe3 Qf7 26. Ne2 Ne5 27. Nd4 Rg5 28. f4 exf3 29. Nxf3 Nxf3+ 30. Rxf3 Qxf3 0-1